| Поле | Инд. | ПП | Название | Значение |
|---|---|---|---|---|
| Тип записи | a | |||
| Библиографический уровень | b | |||
| 001 | Контрольный номер | RU/IS/BASE/262112625 | ||
| 005 | Дата корректировки | 20200522190648.9 | ||
| 084 | a | Индекс другой классификации/Индекс ББК | 55.621* | |
| 100 | 10 | a | Автор | Несветов А. |
| 245 | 00 | a | Заглавие | Так ли страшен рак? |
| b | Продолж. заглавия | Рак - не приговор, а болезнь, которую можно и надо лечить | ||
| 650 | a | Основная рубрика | медицина | |
| a | Основная рубрика | онкология | ||
| 653 | 00 | a | Ключевые слова | онкологические заболевания |
| a | Ключевые слова | опухоли | ||
| a | Ключевые слова | рак | ||
| 773 | 00 | t | Заглавие источника | Наука и жизнь |
| d | Дата издания источника | 2000 | ||
| g | Прочая информация | № 11. - С. 52 - 56 | ||
| w | Контрольный № источника | RU/IS/BASE/151153841 | ||
| 901 | t | Тип документа | b |